[Event "Remote email"]
[Site "Remote email"]
[Date "2013.03.18"]
[Round "?"]
[White "Peisker, Roy"]
[Black "Jaensch, Matthias"]
[Result "0-1"]
[WhiteElo "2032"]
[BlackElo "1968"]
[PlyCount "94"]
[EventDate "2013.??.??"]
[EventType "tourn (corr)"]
[EventRounds "6"]
[EventCountry "GER"]
[SourceTitle "Corr 2015"]
[Source "ChessBase"]
[SourceDate "2015.07.17"]
[SourceVersion "1"]
[SourceVersionDate "2015.07.17"]
[SourceQuality "1"]

1. e4 c5 2. Bc4 e6 3. e5 Qg5 4. Nf3 Qxg2 5. Rg1 Qh3 6. Rg3 Qf5 7. Na3 d5 8. Bd3 Qh5 9. Be2 a6 10. d4 Nc6 11. dxc5 Nxe5 12. Rg5 Nxf3+ 13. Bxf3 Qxh2 14. Qd4 f6 15. Bf4 Bxc5 16. Qxc5 Qxf4 17. Rg3 Qe5+ 18. Be2 Qxb2 19. Rb1 Qxa2 20. Rgb3 Ne7 21. Qc3 d4 22. Qxd4 0-0 23. Ra1 Qxa1+ 24. Qxa1 Rd8 25. Rh3 e5 26. Rh1 Bf5 27. Bc4+ Nd5 28. Be2 b5 29. c4 Be4 30. f3 Bxf3 31. Bxf3 bxc4 32. Qd1 Nf4 33. Qc2 Nd3+ 34. Kf1 Rac8 35. Qh2 h6 36. Bh5 c3 37. Nc2 Rb8 38. Na3 Nc5 39. Qh4 e4 40. Rg1 g5 41. Qf2 Nd7 42. Qf5 Ne5 43. Qe6+ Kg7 44. Qxa6 Rb3 45. Kg2 Rd2+ 46. Kh1 c2 47. Nxc2 Rh3# 0-1